Compulsory purchase orders (Record no. 102668)
[ view plain ]
| 000 -LEADER | |
|---|---|
| fixed length control field | 01042cam a2200205 4500 |
| 008 - FIXED-LENGTH DATA ELEMENTS--GENERAL INFORMATION | |
| fixed length control field | 030131n2003 000 0 eng u |
| 020 ## - INTERNATIONAL STANDARD BOOK NUMBER | |
| International Standard Book Number | 0117536466 |
| 035 ## - SYSTEM CONTROL NUMBER | |
| System control number | (Sirsi) u121463 |
| 110 ## - MAIN ENTRY--CORPORATE NAME | |
| Corporate name or jurisdiction name as entry element | United Kingdom |
| Subordinate unit | Office of the Deputy Prime Minister |
| 245 ## - TITLE STATEMENT | |
| Title | Compulsory purchase orders |
| 260 ## - PUBLICATION, DISTRIBUTION, ETC. | |
| Place of publication, distribution, etc. | Norwich |
| Name of publisher, distributor, etc. | TSO |
| Date of publication, distribution, etc. | 2003 |
| 350 ## - PRICE (NR) (BK AM CF MU VM SE) [OBSOLETE] | |
| Price | 9.25 |
| 490 ## - SERIES STATEMENT | |
| Series statement | ODPM Circular |
| Volume/sequential designation | 02/2003 |
| 520 ## - SUMMARY, ETC. | |
| Summary, etc. | Supersedes MHLG Circular 48/59, DoE Circulars 115/75, 5/93 (ISBN 0117527696), 14/94 (ISBN 0117529605), and DETR circular 198/1 (ISBN 0117534528). The Circular should be read with DoE Circulars 1/90 (ISBN 011752249X), 8/93 (ISBN 0117527912), DoT Local Authority Circular 2/97 and PPG15 (ISBN 0117523100). View at www.planning.odpm.gov.uk/circulars/. |
| 650 ## - SUBJECT ADDED ENTRY--TOPICAL TERM | |
| Topical term or geographic name entry element | PLANNING GUIDANCE |
| 690 ## - LOCAL SUBJECT ADDED ENTRY--TOPICAL TERM (OCLC, RLIN) | |
| Topical term or geographic name as entry element | ENVIRONMENTAL AND LAND CONSULTANCY-PLANNING AND DEVELOPMENT-COMPULSORY PURCHASE AND COMPENSATION |
| 710 ## - ADDED ENTRY--CORPORATE NAME | |
| Corporate name or jurisdiction name as entry element | NAFW |
| 9 (RLIN) | 3812 |
| 856 ## - ELECTRONIC LOCATION AND ACCESS | |
| Uniform Resource Identifier | <a href="https://www.communities.gov.uk/index.asp?id=1144328">https://www.communities.gov.uk/index.asp?id=1144328</a> |
| Hours access method available | View the Circular on the ODPM website... |
| 942 ## - ADDED ENTRY ELEMENTS (KOHA) | |
| Suppress in OPAC | 0 |
| Withdrawn status | Lost status | Source of classification or shelving scheme | Damaged status | Not for loan | Home library | Current library | Shelving location | Date acquired | Total Checkouts | Full call number | Barcode | Date last seen | Copy number | Price effective from | Koha item type |
|---|---|---|---|---|---|---|---|---|---|---|---|---|---|---|---|
| Dewey Decimal Classification | Virtual | Virtual | Online | 17/03/2003 | ONLINE PUBLICATION | 121463-3001 | 06/08/2019 | 1 | 06/08/2019 | Book |